| 000 | 00970nam a22001817a 4500 | ||
|---|---|---|---|
| 003 | OSt | ||
| 005 | 20250606103444.0 | ||
| 008 | 230627s2017 ag ||||| |||| 00| 0 spa d | ||
| 020 | _a9789873638190 | ||
| 040 |
_bspa _cbesoc |
||
| 245 | 0 | 0 |
_aEn el borde del mundo : _bvanguardias de archivo en América Latina / _cMónica Bernabé, compiladora |
| 260 |
_aRosario : _bHyA Ediciones, _c2017 |
||
| 300 | _a197 p. | ||
| 505 |
_tVanguardias transitivas. Ángel Guido en los archivos del barroco americano / _rMónica Bernabé -- _tHombres y mujeres áureos. Claudia del Río, Juan Grela, Emilio Ghilioni, Joaquín Torres García / _rGeorgina Ricci -- _tHorizontes portátiles. La experiencia soviética de César Vallejo / _rJulia Miranda -- _tEl futuro como espacio crítico. La vanguardia en Jesús Díaz / _tIrina Garbatzky -- _tUn impulso (an)archivístico / _rHal Foster. |
||
| 650 | 4 |
_aArte contemporáneo _xVanguardias |
|
| 700 | 1 |
_aBernabé, Mónica _ecompilador |
|
| 942 |
_2udc _cLPD _n0 |
||
| 999 |
_c12 _d12 |
||